Konténeres szállítmányozás során felmerülő problémák lehetséges megoldásai
| Main Author: | |
|---|---|
| Other Authors: | |
| Format: | Final Paper |
| Kulcsszavak: | Szállítmányozás Hajózás Konténerizáció Raaberlog Kft Szállítmányozás, export |
| Online Access: | http://dolgozattar.uni-bge.hu/59408 |
MARC
| LEADER | 00000nta a2200000 i 4500 | ||
|---|---|---|---|
| 001 | dolg59408 | ||
| 005 | 20260114160854.0 | ||
| 008 | 260114suuuu hu o 000 hun d | ||
| 040 | |a BGE Dolgozattár Repozitórium |b hun | ||
| 041 | |a hu | ||
| 100 | 1 | |a Túróczi Renáta | |
| 245 | 1 | 0 | |a Konténeres szállítmányozás során felmerülő problémák lehetséges megoldásai |c Túróczi Renáta |h [elektronikus dokumentum] |
| 516 | |a Final_paper | ||
| 695 | |a Szállítmányozás | ||
| 695 | |a Hajózás | ||
| 695 | |a Konténerizáció | ||
| 695 | |a Raaberlog Kft | ||
| 695 | |a Szállítmányozás, export | ||
| 700 | 1 | |a Kozár Dr. habil László |e ths | |
| 856 | 4 | 0 | |u http://dolgozattar.uni-bge.hu/59408/1/Turoczi-Renata.pdf |z Dokumentum-elérés |